Score 0/7 Timer 01:30
0 Plays Today
% Correct
Pride and Prejudice
97.6%
Sense and Sensibility
97.3%
Emma
93.4%
Mansfield Park
88.7%
Northanger Abbey
85.6%
Persuasion
82.1%
Lady Susan
46.8%

Today's Daily Dose

Remove Ads.
Support Sporcle.
Get the best of Sporcle when you Go Orange. This ad-free experience offers more features, more stats, and more fun while also helping to support Sporcle. Thank you for becoming a member.

You're not logged in!

Compare scores with friends on all Sporcle quizzes.
OR
Log In

Show Comments

Extras

Top Quizzes Today


Score Distribution

Your Account Isn't Verified!

In order to create a playlist on Sporcle, you need to verify the email address you used during registration. Go to your Sporcle Settings to finish the process.

Report this User

Report this user for behavior that violates our Community Guidelines.

Details: